header

Educational leadership (Record no. 231990)

MARC details
000 -LEADER
fixed length control field 01362nam a2200349Ia 4500
100 1# - MAIN ENTRY--AUTHOR NAME
Personal name Hoyle, Eric.
245 10 - TITLE STATEMENT
Title Educational leadership
260 ## - PUBLICATION, DISTRIBUTION, ETC. (IMPRINT)
Place of publication Thousand Oaks, Calif. ;
-- London :
Name of publisher SAGE,
Year of publication 2005.
300 ## - PHYSICAL DESCRIPTION
Number of Pages xii, 212 p.
650 #0 - SUBJECT ADDED ENTRY--TOPICAL TERM
Topical Term School management and organization.
Topical Term Educational planning.
700 1# - ADDED ENTRY--PERSONAL NAME
Personal name Wallace, Mike,
856 40 - ELECTRONIC LOCATION AND ACCESS
Uniform Resource Identifier http://site.ebrary.com/lib/rucke/Doc?id=10218015

No items available.

© 2026 Rongo University
Contact us: librarian | system librarian | Rongo university